000 00536nam a2200169 4500
082 _a355.330973
_bGAB
_cL-30, P-32
100 _aGabriel, Richard A
_948794
245 _aCrisis in command
_cGabriel, Richard A
260 _aNew York
_bMcgrwa-Hll Ryerson ltd.
_c1978.
300 _a242p.:
_bill,;
_c20 c.
526 _a0
_b0
_c0
_d355_330973000000000_GAB
526 _a0
_b0
_c0
_d355_330973000000000_GAB
526 _a0
_b0
_c0
_d355_330973000000000_GAB
526 _a0
_b0
_c0
_d355_330997300000000_GAB
650 _aMCE
_9379
942 _2ddc
_cBK
999 _c551650
_d551650